000 00966pam a2200277 a 4500
001 4276979
003 NUST-PNEC
005 20170116180714.0
008 850214s1985 paua d 001 0 eng
010 _a 85004623
020 _a0830608664 :
_c$34.95
020 _a083061866X
040 _aDLC
_cPNEC
_dDLC
050 0 0 _aTK7804
_b.T87 1985
082 0 0 _a621.38103 TUR
100 1 _aTurner, Rufus P.
245 1 4 _aThe illustrated dictionary of electronics /
_cRufus P. Turner & Stan Gibilisco.
250 _a3rd ed.
260 _aBlue Ridge Summit, Pa. :
_bTab Books,
_cc1985.
300 _avii, 595 p. :
_bill. ;
_c25 cm.
500 _aIncludes index. http://www.amazon.com/illustrated-dictionary-electronics-Rufus-Turner/dp/0830608664/ref=sr_1_1?s=books&ie=UTF8&qid=1413443457&sr=1-1&keywords=0830608664
650 0 _aElectronics
_xDictionaries.
700 1 _aGibilisco, Stan.
906 _a7
_bcbc
_corignew
_d1
_eocip
_f19
_gy-gencatlg
942 _2ddc
_cBK
999 _c61091
_d61091